25 plus grandes villes de l'Union Européenne - Statistiques

Statistiques générales
  • Ce quiz a été pris 298 fois
  • Le résultat moyen est 18 sur 25
Statistiques - réponses
Hint Réponse % Correct
2 133 111 Paris
100%
3 677 472 Berlin
97%
3 332 035 Madrid
96%
2 748 109 Rome
94%
873 076 Marseille
92%
1 660 122 Barcelone
90%
1 354 196 Milan
85%
1 597 049 Munich
83%
2 006 134 Vienne
82%
921 468 Amsterdam
80%
1 752 286 Budapest
79%
1 793 579 Varsovie
79%
1 716 961 Bucarest
76%
1 384 732 Prague
74%
962 154 Stockholm
74%
913 462 Naples
70%
841 600 Turin
67%
1 853 935 Hambourg
60%
802 338 Zagreb
60%
759 224 Francfort
59%
1 480 124 Sofia
55%
684 025 Séville
51%
807 693 Valence
49%
804 282 Cracovie
45%
1 073 096 Cologne
43%
Aucun quiz correspondant
Distribution des résultats
% des personnes avec chaque résultat
Percentile par nombre de réponses
Votre historique - résultats
Vous n’avez pas pris ce quiz